[Event "Bundesliga 2223"]
[Site "Germany"]
[Date "2023.02.25"]
[Round "8.7"]
[White "Thiede, Lars"]
[Black "Libiszewski, Fabien"]
[Result "1/2-1/2"]
[WhiteElo "2399"]
[BlackElo "2512"]
[PlyCount "71"]
[EventDate "2022.10.21"]
[EventType "team-tourn"]
[EventRounds "15"]
[EventCountry "GER"]
[SourceTitle "CBM 213 Extra"]
[Source "ChessBase"]
[SourceDate "2023.05.31"]
[SourceVersion "1"]
[SourceVersionDate "2023.05.31"]
[SourceQuality "1"]
[WhiteTeam "Berlin SF"]
[BlackTeam "Viernheim"]
[WhiteTeamCountry "GER"]
[BlackTeamCountry "GER"]

1. Nf3 g6 2. e4 d6 3. d4 Nf6 4. Nc3 Bg7 5. Be3 a6 6. h3 0-0 7. Qd2 b5 8. e5 b4 9. Ne2 Nd5 10. Bh6 Nc6 11. Rd1 f6 12. Ng3 e6 13. exd6 cxd6 14. Bxg7 Kxg7 15. Bd3 f5 16. 0-0 Qf6 17. Bc4 Nce7 18. Rfe1 Bd7 19. Ra1 Rfc8 20. Bf1 Ba4 21. Rec1 e5 22. a3 e4 23. axb4 Bxc2 24. Ne1 Bd3 25. Rxc8 Rxc8 26. Nxd3 Qxd4 27. Rxa6 exd3 28. Qxd3 Qxb4 29. Qa3 Rb8 30. Rxd6 Qxb2 31. Qa7 Rb7 32. Qa5 Qe5 33. Ra6 Rb1 34. Qd2 Rb2 35. Qc1 Qd4 36. Qe1 1/2-1/2

[Event "EU-chT Seniors 50"]
[Site "Dresden"]
[Date "2022.11.04"]
[Round "9.2"]
[White "Hasson, Peter"]
[Black "Thiede, Lars"]
[Result "0-1"]
[WhiteElo "1948"]
[BlackElo "2399"]
[PlyCount "64"]
[EventDate "2022.10.27"]
[EventType "team-swiss"]
[EventRounds "9"]
[EventCountry "GER"]
[SourceTitle "EXT 2024"]
[Source "ChessBase"]
[SourceDate "2023.10.10"]
[SourceVersion "1"]
[SourceVersionDate "2023.10.10"]
[SourceQuality "1"]
[WhiteTeam "England 50 III"]
[BlackTeam "Berlin 50"]
[WhiteTeamCountry "ENG"]
[BlackTeamCountry "GER"]

1. c4 Nf6 2. Nf3 g6 3. g3 Bg7 4. Bg2 0-0 5. 0-0 d6 6. Nc3 e5 7. d3 Nc6 8. Rb1 a5 9. a3 h6 10. b4 axb4 11. axb4 Be6 12. b5 Ne7 13. Nd2 d5 14. cxd5 Nfxd5 15. Nxd5 Nxd5 16. Ne4 f5 17. Nc5 Bf7 18. Bb2 Qe7 19. Qc2 Ra2 20. e4 fxe4 21. Nxe4 Rd8 22. Qc5 Qe8 23. Bc1 b6 24. Qc6 Qxc6 25. bxc6 Rc2 26. Bb2 Rxc6 27. Rfd1 Rc2 28. Rdc1 Rxc1+ 29. Rxc1 c5 30. Nd2 Nb4 31. Nc4 Nxd3 32. Rd1 Bxc4 0-1

[Event "Bundesliga 2122"]
[Site "Germany"]
[Date "2022.05.14"]
[Round "7.7"]
[White "Thiede, Lars"]
[Black "Maze, Sebastien"]
[Result "0-1"]
[WhiteElo "2400"]
[BlackElo "2527"]
[PlyCount "104"]
[EventDate "2022.03.05"]
[EventType "team-tourn"]
[EventRounds "15"]
[EventCountry "GER"]
[SourceTitle "EXT 2023"]
[Source "ChessBase"]
[SourceDate "2022.10.05"]
[SourceVersion "1"]
[SourceVersionDate "2022.10.05"]
[SourceQuality "1"]
[WhiteTeam "Berlin SF"]
[BlackTeam "Viernheim"]
[WhiteTeamCountry "GER"]
[BlackTeamCountry "GER"]

1. c4 Nf6 2. Nf3 e6 3. g3 d5 4. Bg2 c5 5. 0-0 Nc6 6. cxd5 exd5 7. d4 c4 8. b3 cxb3 9. Qxb3 Be7 10. Bg5 Na5 11. Qd3 0-0 12. Nc3 Be6 13. Rfc1 Rc8 14. Nd2 a6 15. Rab1 Qd7 16. Bxf6 Bxf6 17. e3 Bf5 18. Qf1 Bxb1 19. Ndxb1 Qd6 20. Rd1 Nc6 21. Bxd5 Rfd8 22. Bg2 Be7 23. h4 b5 24. a4 bxa4 25. Qxa6 Nxd4 26. Qxd6 Bxd6 27. Rxd4 Be5 28. Rxd8+ Rxd8 29. Bd5 a3 30. e4 Rb8 31. f4 Bd4+ 32. Kg2 Rb2+ 33. Kf3 Rf2+ 34. Kg4 g6 35. h5 Bc5 36. hxg6 hxg6 37. Na2 Kg7 38. Nbc3 f6 39. Nb5 Rd2 40. Nc7 Kh6 41. f5 g5 42. Ne8 Bd4 43. Nd6 Rd1 44. Be6 Re1 45. Bd5 Re2 46. Kf3 Re3+ 47. Kg4 Kg7 48. Nc4 Rd3 49. Nb4 Rb3 50. Na2 Bf2 51. e5 Rxg3+ 52. Kh5 Rd3 0-1

[Event "GER Cup Net V4 U2400"]
[Site "Playchess.com INT"]
[Date "2020.05.31"]
[Round "1"]
[White "Colbow, Collin"]
[Black "Thiede, Lars"]
[Result "0-1"]
[WhiteElo "2026"]
[BlackElo "1620"]
[PlyCount "118"]
[EventDate "2020.05.31"]
[EventType "swiss (blitz)"]
[EventRounds "9"]
[EventCountry "GER"]
[SourceTitle "EXT 2021"]
[Source "ChessBase"]
[SourceDate "2020.10.23"]
[SourceVersion "1"]
[SourceVersionDate "2020.10.23"]
[SourceQuality "1"]

1. e4 d6 2. d4 Nf6 3. Nc3 e5 4. Nf3 Nc6 5. dxe5 Nxe5 6. Nxe5 dxe5 7. Bg5 Qxd1+ 8. Rxd1 c6 9. Bc4 Be7 10. 0-0 Nd7 11. Bxe7 Kxe7 12. g3 f6 13. Rd2 Nb6 14. Be2 Be6 15. Rfd1 Rhd8 16. Kf1 Rxd2 17. Rxd2 Nd7 18. f3 b5 19. a3 a5 20. b4 axb4 21. axb4 Nb6 22. Kf2 Bc4 23. Nd1 Bxe2 24. Kxe2 Nc4 25. Rd3 Ra2 26. Rc3 Kd6 27. Ne3 Nxe3 28. Kxe3 Rb2 29. Rd3+ Kc7 30. c3 Rxh2 31. g4 h5 32. gxh5 Rxh5 33. Rd1 Rh3 34. Rg1 g5 35. Rg2 Kd6 36. Rg1 c5 37. Rg2 c4 38. Rd2+ Kc6 39. Rg2 Rh1 40. Kd2 Ra1 41. Ke3 Rc1 42. Kd2 Rb1 43. Ke3 Rb3 44. Rc2 Kd6 45. Kf2 Ke6 46. Kg3 Ra3 47. Kg4 Ra1 48. Kg3 f5 49. exf5+ Kxf5 50. Re2 Rd1 51. Kf2 Rd3 52. Re3 Rxe3 53. Kxe3 e4 54. fxe4+ Ke5 55. Kf3 g4+ 56. Kxg4 Kxe4 57. Kg5 Kd3 58. Kf4 Kxc3 59. Ke4 Kxb4 0-1

[Event "Bundesliga 1819"]
[Site "Germany"]
[Date "2018.12.16"]
[Round "6.7"]
[White "Thiede, Lars"]
[Black "Fish, Gennadij"]
[Result "0-1"]
[WhiteElo "2411"]
[BlackElo "2457"]
[PlyCount "92"]
[EventDate "2018.11.10"]
[EventType "team-tourn"]
[EventRounds "15"]
[EventCountry "GER"]
[SourceTitle "CBM 187 Extra"]
[Source "ChessBase"]
[SourceDate "2018.11.04"]
[SourceVersion "1"]
[SourceVersionDate "2018.11.04"]
[SourceQuality "1"]
[WhiteTeam "Berlin SF"]
[BlackTeam "Werder Bremen"]
[WhiteTeamCountry "GER"]
[BlackTeamCountry "GER"]

1. Nf3 c5 2. g3 Nc6 3. c4 g6 4. Bg2 Bg7 5. 0-0 e6 6. Nc3 Nge7 7. d3 0-0 8. Bd2 d5 9. Qc1 b6 10. Bh6 Bb7 11. Bxg7 Kxg7 12. cxd5 Nxd5 13. Re1 Rc8 14. Nxd5 Qxd5 15. Qc3+ f6 16. a3 Nd4 17. Rac1 e5 18. Nh4 Qd7 19. Bxb7 Qxb7 20. e3 Ne6 21. f4 Qd5 22. fxe5 fxe5 23. Rf1 Rcd8 24. Rxf8 Rxf8 25. e4 Qd6 26. Rf1 Nd4 27. Qd2 Rxf1+ 28. Kxf1 Qf6+ 29. Qf2 Qg5 30. Kg2 a5 31. Nf3 Nxf3 32. Kxf3 Qf6+ 33. Ke2 Qxf2+ 34. Kxf2 a4 35. Kf3 Kf6 36. Kg4 b5 37. Kh4 h6 38. Kg4 Kf7 39. h4 h5+ 40. Kg5 Kg7 41. g4 hxg4 42. Kxg4 Kh6 43. Kg3 Kh5 44. Kh3 g5 45. hxg5 Kxg5 46. Kg3 c4 0-1

[Event "Bundesliga 1617"]
[Site "Germany"]
[Date "2017.03.19"]
[Round "10.5"]
[White "Cioara, Andrei Nestor"]
[Black "Thiede, Lars"]
[Result "1-0"]
[WhiteElo "2433"]
[BlackElo "2420"]
[PlyCount "189"]
[EventDate "2016.10.15"]
[EventType "team-tourn"]
[EventRounds "15"]
[EventCountry "GER"]
[SourceTitle "CBM 178"]
[Source "ChessBase"]
[SourceDate "2017.05.14"]
[SourceVersion "1"]
[SourceVersionDate "2017.05.14"]
[SourceQuality "1"]
[WhiteTeam "Trier"]
[BlackTeam "Berlin SF"]
[WhiteTeamCountry "GER"]
[BlackTeamCountry "GER"]

1. d4 d6 2. c4 e5 3. Nf3 e4 4. Nfd2 f5 5. Nc3 Nf6 6. e3 g6 7. f4 Bg7 8. Be2 0-0 9. b4 c5 10. bxc5 dxc5 11. Nb3 cxd4 12. exd4 Be6 13. Be3 Bf7 14. Rc1 Nbd7 15. 0-0 Nb6 16. d5 Rc8 17. Nb5 a6 18. N5d4 Nbxd5 19. cxd5 Nxd5 20. Qd2 Nxe3 21. Qxe3 Qd6 22. Rfd1 Qb4 23. Kf1 Rfd8 24. Rxc8 Rxc8 25. Qd2 Qxd2 26. Rxd2 h5 27. Kf2 Kf8 28. Rc2 Rxc2 29. Nxc2 Ke7 30. Nc5 b6 31. Nxa6 Bxa2 32. Ke3 h4 33. Bb5 Bb2 34. Kd2 Bb3 35. Nab4 Kf6 36. Ne3 Bd4 37. Nc6 Bc5 38. Ne5 Bd4 39. Nc6 Bc5 40. Ne5 Bd4 41. N5c4 Bxc4 42. Bxc4 g5 43. g3 hxg3 44. hxg3 gxf4 45. gxf4 Bc5 46. Ke2 Bd6 47. Nd5+ Kg6 48. Kf2 Bc5+ 49. Kg3 Bd4 50. Bb5 Bc5 51. Bd7 Bd6 52. Nxb6 Bb4 53. Nd5 Be1+ 54. Kg2 Bd2 55. Kf2 Bc1 56. Kg3 Bd2 57. Ne7+ Kf6 58. Nxf5 Be1+ 59. Kg4 Bd2 60. Ng3 Bxf4 61. Kxf4 e3 62. Kxe3 Ke5 63. Bc6 Kd6 64. Be4 Ke5 65. Nf5 Kf6 66. Kf4 Ke6 67. Bc6 Kf6 68. Bd7 Kg6 69. Nd6 Kf6 70. Bf5 Ke7 71. Ke5 Kd8 72. Nb5 Ke7 73. Be6 Ke8 74. Kf6 Kf8 75. Bd7 Kg8 76. Nd6 Kf8 77. Nf7 Kg8 78. Bf5 Kf8 79. Bh7 Ke8 80. Ne5 Kd8 81. Ke6 Kc7 82. Nd7 Kc6 83. Bd3 Kc7 84. Bb5 Kd8 85. Kd6 Ke8 86. Bc4 Kd8 87. Bf7 Kc8 88. Nc5 Kd8 89. Nb7+ Kc8 90. Kc6 Kb8 91. Kb6 Kc8 92. Be6+ Kb8 93. Nc5 Ka8 94. Bh3 Kb8 95. Na6+ 1-0

[Event "Bundesliga 1617"]
[Site "Germany"]
[Date "2017.03.18"]
[Round "9.6"]
[White "Thiede, Lars"]
[Black "Van Foreest, Lucas"]
[Result "0-1"]
[WhiteElo "2420"]
[BlackElo "2350"]
[PlyCount "106"]
[EventDate "2016.10.15"]
[EventType "team-tourn"]
[EventRounds "15"]
[EventCountry "GER"]
[SourceTitle "CBM 178"]
[Source "ChessBase"]
[SourceDate "2017.05.14"]
[SourceVersion "1"]
[SourceVersionDate "2017.05.14"]
[SourceQuality "1"]
[WhiteTeam "Berlin SF"]
[BlackTeam "Aachen"]
[WhiteTeamCountry "GER"]
[BlackTeamCountry "GER"]

1. d4 Nf6 2. Nf3 b6 3. Bf4 Bb7 4. e3 e6 5. h3 Be7 6. Nbd2 d6 7. Bd3 0-0 8. 0-0 c5 9. c3 Nc6 10. Qe2 Re8 11. e4 cxd4 12. cxd4 Nd7 13. Rfd1 Nb4 14. Bb5 a6 15. Ba4 b5 16. Bb3 Rc8 17. a3 Nc6 18. Rac1 Na5 19. Ba2 Rxc1 20. Rxc1 Qa8 21. Ng5 Nf8 22. Ngf3 Rc8 23. Rxc8 Qxc8 24. Nb3 Nc4 25. Qc2 Ng6 26. Bg3 Qc6 27. Nfd2 d5 28. e5 Ncxe5 29. Qxc6 Nxc6 30. Nf3 a5 31. Bc7 a4 32. Na5 Nxa5 33. Bxa5 Nf4 34. Bb1 Bd6 35. g3 Ng6 36. Bd3 Bc6 37. Ne1 f6 38. Nc2 Bd7 39. Bb4 Bc7 40. Ne3 Bb6 41. Bc5 Bxc5 42. dxc5 Ne5 43. Be2 Nc4 44. Bxc4 bxc4 45. Nc2 Kf7 46. Nb4 d4 47. f4 e5 48. h4 Bg4 49. Kf2 e4 50. Ke1 Ke6 51. c6 e3 52. c7 Kd6 53. Nc2 Kd5 0-1

[Event "Bundesliga 1617"]
[Site "Germany"]
[Date "2017.02.19"]
[Round "8.8"]
[White "Thiede, Lars"]
[Black "Boguslawski, Oleg"]
[Result "1-0"]
[WhiteElo "2420"]
[BlackElo "2435"]
[PlyCount "101"]
[EventDate "2016.10.15"]
[EventType "team-tourn"]
[EventRounds "15"]
[EventCountry "GER"]
[SourceTitle "CBM 177"]
[Source "ChessBase"]
[SourceDate "2017.03.16"]
[SourceVersion "1"]
[SourceVersionDate "2017.03.16"]
[SourceQuality "1"]
[WhiteTeam "Berlin SF"]
[BlackTeam "Hockenheim"]
[WhiteTeamCountry "GER"]
[BlackTeamCountry "GER"]

1. g3 e5 2. c4 Nc6 3. Bg2 Bc5 4. Nc3 a6 5. Nf3 d6 6. e3 Bg4 7. h3 Bh5 8. 0-0 Nf6 9. g4 Bg6 10. d4 Ba7 11. b3 0-0 12. dxe5 dxe5 13. Ba3 Re8 14. Qxd8 Raxd8 15. Nh4 Bd3 16. Rfd1 e4 17. Nf5 h6 18. Rac1 Kh7 19. Na4 Be2 20. Rxd8 Rxd8 21. Bb2 Bf3 22. Bxf6 gxf6 23. Nc3 Bxg2 24. Kxg2 Rd2 25. Nxe4 Rxa2 26. Rd1 Kg6 27. Rd7 Bb6 28. c5 Ba5 29. b4 Ra4 30. Nc3 Rxb4 31. Nd5 Rc4 32. Nf4+ Rxf4 33. exf4 b5 34. Ne3 b4 35. Nc4 b3 36. Rd3 Bb4 37. Rxb3 a5 38. Rb1 Kg7 39. Ra1 Bxc5 40. Nxa5 Nd4 41. Nc4 Ne6 42. Kf3 Nd4+ 43. Ke4 Ne6 44. Ne3 Bf8 45. Nf5+ Kh7 46. Ng3 Ng7 47. Ra8 Bc5 48. f5 Bxf2 49. Ne2 Bc5 50. Kd5 Bd6 51. Nc3 1-0

[Event "Bundesliga 1516"]
[Site "Germany"]
[Date "2016.02.07"]
[Round "6.8"]
[White "Schneider, Stefan"]
[Black "Thiede, Lars"]
[Result "1/2-1/2"]
[WhiteElo "2368"]
[BlackElo "2437"]
[PlyCount "56"]
[EventDate "2015.09.18"]
[EventType "team-tourn"]
[EventRounds "15"]
[EventCountry "GER"]
[SourceTitle "CBM 171"]
[Source "ChessBase"]
[SourceDate "2016.03.14"]
[SourceVersion "2"]
[SourceVersionDate "2016.03.14"]
[SourceQuality "1"]
[WhiteTeam "Bayern Muenchen"]
[BlackTeam "Berlin SF"]
[WhiteTeamCountry "GER"]
[BlackTeamCountry "GER"]

1. d4 Nf6 2. c4 g6 3. Nc3 Bg7 4. e4 d6 5. Be2 0-0 6. Bg5 c5 7. d5 h6 8. Bf4 a6 9. Qd2 Kh7 10. Nf3 b5 11. cxb5 axb5 12. Bxb5 Qa5 13. Bd3 Ba6 14. 0-0 Nbd7 15. Bxa6 Rxa6 16. h3 Rb8 17. e5 Nh5 18. Bh2 Nxe5 19. Nxe5 Bxe5 20. Bxe5 dxe5 21. Rae1 Qc7 22. Qe2 Rab6 23. Qxe5 Qxe5 24. Rxe5 Rxb2 25. Rxe7 Kg7 26. Rd1 Nf6 27. a4 R2b4 28. Rc7 Rd4 1/2-1/2

[Event "Wch Blitz 9th"]
[Site "Berlin"]
[Date "2015.10.14"]
[Round "19"]
[White "Olafsson, Helgi"]
[Black "Thiede, Lars"]
[Result "1-0"]
[WhiteElo "2549"]
[BlackElo "2437"]
[PlyCount "81"]
[EventDate "2015.10.13"]
[EventType "swiss (blitz)"]
[EventRounds "21"]
[EventCountry "GER"]
[SourceTitle "CBM 168 Extra"]
[Source "ChessBase"]
[SourceDate "2015.10.29"]
[SourceVersion "1"]
[SourceVersionDate "2015.10.29"]
[SourceQuality "1"]

1. d4 g6 2. e4 Bg7 3. c3 d6 4. Bg5 b6 5. Nd2 Bb7 6. Ngf3 Nd7 7. Bd3 h6 8. Bh4 g5 9. Bg3 Ngf6 10. h4 g4 11. Nh2 h5 12. Bf4 e5 13. Bg5 Qc8 14. Nhf1 d5 15. Ng3 dxe4 16. Ndxe4 Nxe4 17. Nxe4 exd4 18. cxd4 0-0 19. 0-0 f6 20. Bf4 Qe8 21. Re1 Qf7 22. Rc1 Rac8 23. Bxc7 Nc5 24. Bc4 Bd5 25. Nd6 Bxc4 26. Nxf7 Bxf7 27. dxc5 Rxc7 28. cxb6 Rxc1 29. Qxc1 axb6 30. b3 f5 31. Qc7 Bg6 32. Qxb6 Kh7 33. Re7 f4 34. Qd4 Rg8 35. Qxf4 Kh8 36. Re6 Bh7 37. a4 Rf8 38. Qe3 Bg8 39. Re8 Rf7 40. a5 Rd7 41. Rxg8+ 1-0

[Event "Wch Blitz 9th"]
[Site "Berlin"]
[Date "2015.10.14"]
[Round "13"]
[White "Shabalov, Alexander"]
[Black "Thiede, Lars"]
[Result "1-0"]
[WhiteElo "2522"]
[BlackElo "2437"]
[PlyCount "59"]
[EventDate "2015.10.13"]
[EventType "swiss (blitz)"]
[EventRounds "21"]
[EventCountry "GER"]
[SourceTitle "CBM 168 Extra"]
[Source "ChessBase"]
[SourceDate "2015.10.29"]
[SourceVersion "1"]
[SourceVersionDate "2015.10.29"]
[SourceQuality "1"]

1. Nf3 Nf6 2. d4 g6 3. Nc3 Bg7 4. e4 d6 5. Be2 0-0 6. 0-0 Nc6 7. Be3 e5 8. dxe5 Nxe5 9. Nd4 Re8 10. h3 Bd7 11. Qd2 Nc6 12. Bd3 Ne5 13. f4 Nxd3 14. cxd3 c6 15. Rae1 d5 16. e5 Nh5 17. Bf2 Bh6 18. Nce2 Rxe5 19. Nf3 Rxe2 20. Qxe2 Nxf4 21. Qd1 Bf5 22. Ne5 f6 23. Ng4 Bg7 24. Bd4 Ne6 25. Rxe6 Bxe6 26. Nxf6+ Bxf6 27. Rxf6 Qe7 28. Qe2 Re8 29. Qe5 Bc8 30. Re6 1-0

[Event "Wch Blitz 9th"]
[Site "Berlin"]
[Date "2015.10.14"]
[Round "14"]
[White "Thiede, Lars"]
[Black "Bruedigam, Martin"]
[Result "1/2-1/2"]
[WhiteElo "2437"]
[BlackElo "2375"]
[PlyCount "105"]
[EventDate "2015.10.13"]
[EventType "swiss (blitz)"]
[EventRounds "21"]
[EventCountry "GER"]
[SourceTitle "CBM 168 Extra"]
[Source "ChessBase"]
[SourceDate "2015.10.29"]
[SourceVersion "1"]
[SourceVersionDate "2015.10.29"]
[SourceQuality "1"]

1. g3 Nf6 2. Bg2 c5 3. c4 Nc6 4. Nc3 g6 5. d3 Bg7 6. a3 0-0 7. Rb1 d6 8. Nf3 b6 9. 0-0 Bb7 10. b4 Qd7 11. Qb3 Nd4 12. Nxd4 Bxg2 13. Kxg2 cxd4 14. Ne4 h5 15. Bb2 Qf5 16. Nxf6+ Bxf6 17. e4 Qd7 18. f4 Bg7 19. f5 b5 20. cxb5 Kh7 21. Qd5 e6 22. Qc6 Qe7 23. fxg6+ fxg6 24. Qc2 Rac8 25. Qe2 Be5 26. Rxf8 Rxf8 27. Rf1 Rc8 28. Qf2 Qg7 29. Rc1 Rxc1 30. Bxc1 Qc7 31. Bg5 Kg7 32. Kh3 Qc3 33. Be7 Qc8 34. Qf3 Qd7 35. Qf8+ Kh7 36. Qf7+ Bg7 37. Kg2 e5 38. h3 Qc7 39. Kf3 Qd7 40. a4 Kh8 41. Qxg6 Qxe7 42. Qxh5+ Kg8 43. Qf5 Qc7 44. Kg4 Qc2 45. Qe6+ Kh7 46. Qf5+ Kg8 47. Kh5 Qxd3 48. Qc8+ Kh7 49. Qf5+ Kg8 50. Qe6+ Kh7 51. Qg4 Qe3 52. Qf5+ Kg8 53. Qe6+ 1/2-1/2

[Event "Wch Blitz 9th"]
[Site "Berlin"]
[Date "2015.10.14"]
[Round "16"]
[White "Thornton, Giovanni Antonio"]
[Black "Thiede, Lars"]
[Result "0-1"]
[WhiteElo "2207"]
[BlackElo "2437"]
[PlyCount "114"]
[EventDate "2015.10.13"]
[EventType "swiss (blitz)"]
[EventRounds "21"]
[EventCountry "GER"]
[SourceTitle "CBM 168 Extra"]
[Source "ChessBase"]
[SourceDate "2015.10.29"]
[SourceVersion "1"]
[SourceVersionDate "2015.10.29"]
[SourceQuality "1"]

1. d4 g6 2. c4 c5 3. dxc5 Bg7 4. Nc3 Na6 5. g3 Nxc5 6. Bg2 Nf6 7. Rb1 0-0 8. b4 Ne6 9. Nf3 a5 10. a3 Ng4 11. Nd5 axb4 12. axb4 d6 13. 0-0 Bd7 14. h3 Nf6 15. Ng5 Nxd5 16. Bxd5 Nxg5 17. Bxg5 Bxh3 18. Bxb7 Bxf1 19. Bxa8 Bh3 20. Bf3 h6 21. Be3 Qc8 22. Rc1 Bg4 23. Bd5 e6 24. Bg2 Rd8 25. Qd2 Kh7 26. b5 Qb8 27. b6 d5 28. cxd5 exd5 29. Rc7 Be6 30. Bd4 Bxd4 31. Qxd4 Rd6 32. Rc5 Qxb6 33. e3 Rc6 34. Rxc6 Qxc6 35. Kh2 Qc2 36. Qf4 Qb2 37. Bh3 Qg7 38. Bxe6 fxe6 39. Qd6 Qf7 40. Kg2 h5 41. Qe5 Kg8 42. Qb8+ Kg7 43. Qe5+ Qf6 44. Qc7+ Kh6 45. Qd6 Qf5 46. Qd7 Qe4+ 47. Kg1 e5 48. Qd8 d4 49. Qh8+ Kg5 50. Qd8+ Kg4 51. Qd7+ Qf5 52. Qa4 Kh3 53. Qd1 dxe3 54. fxe3 Kxg3 55. Qe1+ Kg4 56. Qe2+ Qf3 57. Qc4+ Kg3 0-1

[Event "Wch Blitz 9th"]
[Site "Berlin"]
[Date "2015.10.13"]
[Round "7"]
[White "Koehler, Gerhard"]
[Black "Thiede, Lars"]
[Result "0-1"]
[WhiteElo "2173"]
[BlackElo "2437"]
[PlyCount "134"]
[EventDate "2015.10.13"]
[EventType "swiss (blitz)"]
[EventRounds "21"]
[EventCountry "GER"]
[SourceTitle "CBM 168 Extra"]
[Source "ChessBase"]
[SourceDate "2015.10.29"]
[SourceVersion "1"]
[SourceVersionDate "2015.10.29"]
[SourceQuality "1"]

1. c4 Nf6 2. Nc3 g6 3. d4 Bg7 4. e4 d6 5. Be2 0-0 6. Nf3 Na6 7. 0-0 e5 8. Re1 c6 9. Bf1 exd4 10. Nxd4 Ng4 11. h3 Qb6 12. hxg4 Qxd4 13. Be3 Qxd1 14. Raxd1 Bxg4 15. Rxd6 Be6 16. Red1 Nb4 17. R1d2 Be5 18. a3 Bxd6 19. Rxd6 Nc2 20. Bg5 Na1 21. Bf6 Nb3 22. Na4 Na5 23. Nc5 b6 24. Nxe6 fxe6 25. e5 c5 26. g3 Rac8 27. Rxe6 Rfe8 28. Rd6 Rc6 29. Rd7 Rxf6 30. exf6 Rf8 31. Rg7+ Kh8 32. Rxa7 Rxf6 33. Rc7 Rd6 34. Bg2 Nxc4 35. Be4 Nxb2 36. Kg2 Nc4 37. a4 Nd2 38. Bb7 Nb3 39. Bc6 Nd4 40. Bb5 g5 41. f4 h6 42. fxg5 hxg5 43. Kh3 Ne6 44. Rb7 Nd8 45. Re7 Rd4 46. Kg2 Kg8 47. Kf3 Kf8 48. Rh7 g4+ 49. Ke3 Ne6 50. Rb7 Rb4 51. Rxb6 Ng7 52. Rc6 Nf5+ 53. Kf2 Rb2+ 54. Ke1 Nxg3 55. Rxc5 Ke7 56. Rg5 Rb1+ 57. Kf2 Ne4+ 58. Ke3 Nxg5 59. Kf4 Ne6+ 60. Kxg4 Nd4 61. Kf4 Nxb5 62. axb5 Rxb5 63. Ke4 Kd6 64. Kf4 Ke6 65. Kg4 Kf6 66. Kf4 Rb4+ 67. Ke3 Ke5 0-1